Medagliere Olimpiadi invernali Grenoble 1968 - Statistics

Statistiche generali
  • Questo quiz è stato fatto 7 volte
  • Il punteggio medio è 8 su 11
Statistiche sulle risposte
Medaglie d'Oro Medaglie d'Argento Medaglie di Bronzo Medaglie complessive Rappresentativa olimpica % Corretto
4 3 2 9 Francia
100%
1 2 2 5 Germania Est
100%
2 2 3 7 Germania Ovest
100%
3 3 3 9 Paesi Bassi
100%
3 4 4 11 Austria
67%
1 2 2 5 Finlandia
67%
6 6 2 14 Norvegia
67%
1 5 1 7 Stati Uniti
67%
3 2 3 8 Svezia
67%
0 2 4 6 Svizzera
67%
5 5 3 13 Unione Sovietica
33%
Nessun quiz corrispondente trovato
Distribuzione punteggi
Percentuale di utenti per punteggio
Percentile per numero di risposta
I tuoi punteggi nel tempo
Non hai fatto questo quiz